Pays les plus proches de Madagascar - Statistiques

Statistiques générales
  • Ce quiz a été pris 194 fois
  • Le résultat moyen est 8 sur 10
Statistiques - réponses
Distance (km) Pays % Correct
1 161 Afrique du Sud
92%
881 Maurice
90%
466 Mozambique
88%
599 Comores
87%
1 066 Seychelles
85%
974 Tanzanie
82%
1 226 Zimbabwe
71%
1 214 Eswatini
65%
1 343 Zambie
65%
933 Malawi
53%
Aucun quiz correspondant
Distribution des résultats
% des personnes avec chaque résultat
Percentile par nombre de réponses
Votre historique - résultats
Vous n’avez pas pris ce quiz